000 00851cam a2200253 a 4500
001 000019100
003 DO-SdBNP
005 20251027144542.0
008 060731s1967 ve a b 000 0 spa d
040 _aDO-SdBNP
_bBNPHU
_cDLC
_dBNPHU
049 _aBNGR
082 _a325.187045
_bP649i
100 1 _aPineda, Rafael,
_d1926-
_941100
245 1 0 _aItalo-venezolano :
_bnotas de inmigración /
_cRafael Pineda.
260 _aCaracas, (Venezuela) :
_bOficina Central de Información,
_c1967.
300 _a620 p. :
_bil. ;
_c23 cm.
504 _aIncluye referencias bibliográfica: p. 539-558.
586 _a"Premio Presidente".
650 4 _aItalianos
_zVenezuela
_941102
650 4 _aVenezolanos
_zItalia
_941103
651 0 _aVenezuela
_xCivilización
_xInfluencias Italianas
_926230
910 _aCatalogación derivada / LC
942 _2ddc
_cLBS1
999 _c18618
_d18618